| 000 | 00524nam a2200169Ia 4500 | ||
|---|---|---|---|
| 003 | 0 | ||
| 005 | 20250428102532.0 | ||
| 008 | 200928s9999 xx 000 0 und d | ||
| 020 | _a978-621-406-146-4 | ||
| 050 |
_aBF 697 _b.M343 2018 |
||
| 100 | _aMagalona, Ethel | ||
| 245 |
_cEthel Magalona, Evelyn SAdsad, Elline Cruz.-- _aUnderstanding the self : _bdeveloping life skills / |
||
| 260 |
_aManila : _bMindshapers Co., In. _c2018 |
||
| 300 |
_ax , 182 page : _billustrations ; _c25 cm. |
||
| 650 | _aSelf. | ||
| 942 |
_2lcc _cBK |
||
| 999 |
_c364527 _d364527 |
||